[Event "SR 1. liga zapad 2013/2014"]
[Site "?"]
[Date "2013.10.12"]
[Round "3.7"]
[White "Belak, Stefan"]
[Black "Sulek, Viliam"]
[Result "1-0"]
[WhiteElo "1984"]
[BlackElo "2052"]
[Annotator "Janko"]
[PlyCount "85"]
[EventDate "2013.??.??"]
[WhiteTeam "SKS Povazska Bystrica"]
[BlackTeam "SK Slovan Bratislava C"]

1. c4 Nf6 2. Nc3 d5 3. cxd5 Nxd5 4. g3 g6 5. Bg2 Nb6 6. Nf3 Bg7 7. O-O O-O 8.
d3 Nc6 9. Be3 h6 10. Qd2 Kh7 11. Rac1 Bf5 12. Nh4 Be6 13. f4 Nd5 14. Bf2 Nxc3
15. bxc3 Qd7 16. Rfd1 Bg4 17. d4 Rad8 18. Qc2 b6 19. Re1 Na5 20. e4 Bh3 21. Bh1
e6 22. Bf3 f5 23. Qe2 Rfe8 24. e5 g5 25. Bg2 Bg4 26. Nf3 gxf4 27. gxf4 Rg8 28.
Kh1 Qf7 29. Qf1 Bf8 30. h3 Qh5 31. Nh2 Ba3 32. hxg4 fxg4 33. Qd3+ Kh8 34. Rc2
g3 35. Bxg3 Rg7 36. Kg1 Rdg8 37. Nf1 Be7 38. Re3 c5 39. Qe2 Qg6 40. Be4 Qf7 41.
Qh2 Qxf4 42. Rg2 Qf7 43. Qxh6+ 1-0

[Event "SR 1. liga zapad 2013/2014"]
[Site "?"]
[Date "2013.10.12"]
[Round "4.1"]
[White "Vojtek, Vladimir"]
[Black "Schwarz, Dusan"]
[Result "0-1"]
[WhiteElo "2281"]
[BlackElo "2390"]
[PlyCount "58"]
[EventDate "2013.??.??"]
[WhiteTeam "SKS Dubnica n/Vahom B"]
[BlackTeam "SK Doprastav Bratislava B"]

1. e4 c5 2. Nf3 e6 3. d3 Nc6 4. g3 Nge7 5. Bg2 g6 6. O-O Bg7 7. c3 e5 8. Na3 d6
9. Nc2 O-O 10. d4 exd4 11. cxd4 Bg4 12. dxc5 dxc5 13. Ne3 Be6 14. Ng5 Bd7 15.
Rb1 Nd4 16. h4 Bb5 17. Re1 Qa5 18. a3 Rad8 19. Nd5 Nxd5 20. exd5 Bd3 21. b4 Qa6
22. Rb2 c4 23. a4 c3 24. Ra2 Qc4 25. Ra3 Nc2 26. b5 Nxe1 27. Qxe1 Rfe8 28. Be3
c2 29. Qc1 Rxe3 0-1

[Event "SR 1. liga zapad 2013/2014"]
[Site "?"]
[Date "2013.10.12"]
[Round "4.2"]
[White "Novak, Ivan"]
[Black "Bombek, Peter"]
[Result "1/2-1/2"]
[WhiteElo "2188"]
[BlackElo "2219"]
[PlyCount "130"]
[EventDate "2013.??.??"]
[WhiteTeam "SK Doprastav Bratislava B"]
[BlackTeam "SKS Dubnica n/Vahom B"]

1. e4 e6 2. d4 d5 3. Bd3 dxe4 4. Bxe4 Nf6 5. Bd3 c5 6. c3 Nc6 7. Nf3 Be7 8. O-O
Bd7 9. a3 Rc8 10. Qe2 O-O 11. Rd1 Qc7 12. Bg5 Na5 13. b4 Nb3 14. Ra2 cxd4 15.
Bc2 Ba4 16. cxd4 Qc4 17. Qxc4 Rxc4 18. Ne1 b5 19. Be3 Rd8 20. Nd2 Nxd2 21. Bxa4
bxa4 22. Raxd2 Nd5 23. Nd3 Rc3 24. Ra1 Nxe3 25. fxe3 Bg5 26. Kf2 e5 27. Rdd1
exd4 28. exd4 Rxd4 29. Nc5 Rxd1 30. Rxd1 Rxa3 31. Rd7 a5 32. Ra7 g6 33. Rxa5
Ra2+ 34. Kf3 a3 35. b5 Be7 36. b6 Bxc5 37. Rxc5 Rb2 38. Ra5 Rb3+ 39. Kf2 Kg7
40. b7 h5 41. b8=Q Rxb8 42. Rxa3 g5 43. Ra5 Rb2+ 44. Kf3 Kg6 45. h3 f6 46. Rc5
Rb4 47. Ra5 h4 48. Ra6 Rf4+ 49. Ke2 g4 50. hxg4 Kg5 51. Ra8 Rxg4 52. Kf2 Rb4
53. Rg8+ Kf4 54. Rh8 Kg4 55. Rg8+ Kf5 56. Rh8 Rg4 57. Ra8 Rf4+ 58. Kg1 Rc4 59.
Rh8 Kg5 60. Kh2 Rg4 61. Ra8 f5 62. Rb8 Ra4 63. Rh8 Ra3 64. Rg8+ Kf4 65. Rh8 Kg4
1/2-1/2

[Event "SR 1. liga zapad 2013/2014"]
[Site "?"]
[Date "2013.10.12"]
[Round "4.3"]
[White "Podoba, Milan"]
[Black "Todor, Razvan"]
[Result "1-0"]
[WhiteElo "2132"]
[BlackElo "2161"]
[PlyCount "39"]
[EventDate "2013.??.??"]
[WhiteTeam "SKS Dubnica n/Vahom B"]
[BlackTeam "SK Doprastav Bratislava B"]

1. e4 c5 2. Nf3 d6 3. d4 cxd4 4. Nxd4 Nf6 5. Nc3 a6 6. Bc4 e6 7. O-O b5 8. Bb3
b4 9. Na4 Nxe4 10. Re1 d5 11. Bf4 Bb7 12. Qh5 Qf6 13. Rxe4 dxe4 14. Nxe6 Be7
15. Nc7+ Kf8 16. Bg5 Qg6 17. Bxe7+ Kxe7 18. Qe5+ Kd8 19. Rd1+ Nd7 20. Nc5 1-0

[Event "SR 1. liga zapad 2013/2014"]
[Site "?"]
[Date "2013.10.12"]
[Round "4.4"]
[White "Bednar, Jan"]
[Black "Lazo, Juraj"]
[Result "1-0"]
[WhiteElo "2185"]
[BlackElo "2138"]
[PlyCount "41"]
[EventDate "2013.??.??"]
[WhiteTeam "SK Doprastav Bratislava B"]
[BlackTeam "SKS Dubnica n/Vahom B"]

1. d4 Nf6 2. c4 e6 3. Nf3 b6 4. g3 d5 5. Bg2 Be7 6. O-O O-O 7. cxd5 exd5 8. Nc3
c6 9. Ne5 Nfd7 10. Nxd5 Bb7 11. Nxe7+ Qxe7 12. Nc4 Re8 13. Bf4 Ba6 14. Qb3 Qe6
15. d5 cxd5 16. Nd6 Bc4 17. Qc3 Na6 18. b3 Bxe2 19. Rfe1 g5 20. Nxe8 gxf4 21.
Qg7# 1-0

[Event "SR 1. liga zapad 2013/2014"]
[Site "?"]
[Date "2013.10.12"]
[Round "4.5"]
[White "Sukuba, Zdeno"]
[Black "Danada, Tomas"]
[Result "0-1"]
[WhiteElo "2108"]
[BlackElo "2099"]
[PlyCount "74"]
[EventDate "2013.??.??"]
[WhiteTeam "SKS Dubnica n/Vahom B"]
[BlackTeam "SK Doprastav Bratislava B"]

1. Nf3 g6 2. c4 Bg7 3. Nc3 c5 4. d4 cxd4 5. Nxd4 Nc6 6. e3 Nf6 7. Be2 O-O 8.
O-O d6 9. b3 Bd7 10. Bb2 Rc8 11. Qd2 Qa5 12. Rfd1 Qg5 13. f4 Qh6 14. Rac1 g5
15. Nd5 gxf4 16. exf4 Rfe8 17. Bf3 Ng4 18. Bxg4 Bxg4 19. Rf1 e5 20. Nxc6 bxc6
21. Ne3 Bd7 22. f5 d5 23. Qf2 d4 24. Ng4 Qg5 25. h3 h5 26. Nh2 Bh6 27. Rce1 Qf6
28. Qg3+ Qg7 29. Qf3 Qh7 30. Qg3+ Qg7 31. Qf3 Bd2 32. Re2 Qg5 33. Qe4 Bf4 34.
Nf3 Qg3 35. Bc1 c5 36. Qd3 Bxc1 37. Rxc1 Qf4 0-1

[Event "SR 1. liga zapad 2013/2014"]
[Site "?"]
[Date "2013.10.12"]
[Round "4.6"]
[White "Karas, Marek"]
[Black "Orgon, Dusan"]
[Result "1-0"]
[WhiteElo "2037"]
[BlackElo "2089"]
[PlyCount "87"]
[EventDate "2013.??.??"]
[WhiteTeam "SK Doprastav Bratislava B"]
[BlackTeam "SKS Dubnica n/Vahom B"]

1. d4 f5 2. c4 Nf6 3. Nf3 e6 4. g3 d5 5. Bg2 Bd6 6. O-O c6 7. b3 Qe7 8. a4 O-O
9. Ba3 Nbd7 10. Bxd6 Qxd6 11. Nbd2 a5 12. Qc2 Ne4 13. Ne1 Nxd2 14. Qxd2 Nf6 15.
f3 e5 16. dxe5 Qxe5 17. Nd3 Qd4+ 18. e3 Qb6 19. c5 Qc7 20. Qc3 Re8 21. Rfe1 Bd7
22. Qd4 Re7 23. Re2 Rae8 24. Rae1 Kf7 25. Nf2 Qe5 26. Bf1 Bc8 27. Nd3 Qc7 28.
Kg2 g6 29. Qc3 Re6 30. Nf4 R6e7 31. Nh3 h6 32. Nf2 Qd8 33. Qd4 Qc7 34. e4 dxe4
35. fxe4 f4 36. Rd2 fxg3 37. hxg3 Be6 38. Nd3 Bxb3 39. Rf2 Re6 40. Nc1 Bc2 41.
Bc4 Kg7 42. Bxe6 Rxe6 43. Rxc2 Kh7 44. Rd2 1-0

[Event "SR 1. liga zapad 2013/2014"]
[Site "?"]
[Date "2013.10.12"]
[Round "4.7"]
[White "Pupak, Tomas"]
[Black "Polacik, Igor"]
[Result "0-1"]
[WhiteElo "2016"]
[BlackElo "2168"]
[PlyCount "97"]
[EventDate "2013.??.??"]
[WhiteTeam "SKS Dubnica n/Vahom B"]
[BlackTeam "SK Doprastav Bratislava B"]

1. Nf3 Nf6 2. g3 b5 3. Bg2 Bb7 4. O-O e6 5. d3 d5 6. c4 c6 7. cxb5 cxb5 8. Qb3
a6 9. a4 b4 10. a5 Nc6 11. Qa4 Nd7 12. Be3 Bd6 13. Rc1 Rc8 14. Nbd2 O-O 15. Nb3
Qe7 16. Rc2 Nce5 17. Rac1 Nxf3+ 18. Bxf3 Ne5 19. Bg2 Qd7 20. Qxd7 Nxd7 21. Nc5
Nxc5 22. Bxc5 Bxc5 23. Rxc5 Rxc5 24. Rxc5 Rc8 25. Rxc8+ Bxc8 26. f4 Kf8 27. Kf2
Ke7 28. Ke3 Kd6 29. Kd4 f6 30. e4 e5+ 31. Ke3 d4+ 32. Kd2 Kc5 33. Kc2 Kb5 34.
f5 Kxa5 35. b3 Bd7 36. Bf3 Be8 37. g4 Kb5 38. Kb2 a5 39. Bd1 Kc5 40. Kc1 Bf7
41. Kb2 Kd6 42. h4 g6 43. fxg6 Bxg6 44. Be2 Bf7 45. Bd1 Ke7 46. Be2 Kf8 47. Kc2
Kg7 48. Bf3 h5 49. Kd2 0-1

[Event "SR 1. liga zapad 2013/2014"]
[Site "?"]
[Date "2013.10.12"]
[Round "4.8"]
[White "Krajnak, Robert"]
[Black "Kutny, Marian 1968"]
[Result "1-0"]
[WhiteElo "2045"]
[BlackElo "1932"]
[PlyCount "65"]
[EventDate "2013.??.??"]
[WhiteTeam "SK Doprastav Bratislava B"]
[BlackTeam "SKS Dubnica n/Vahom B"]

1. c4 e5 2. Nc3 Nf6 3. Nf3 d6 4. g3 b6 5. Bg2 Bb7 6. O-O Be7 7. b3 O-O 8. Bb2
Nbd7 9. d4 exd4 10. Qxd4 Nc5 11. Rad1 Ne6 12. Qd3 Nc5 13. Qc2 Re8 14. Nd5 Nxd5
15. cxd5 a5 16. Nd4 Bf6 17. a3 a4 18. b4 Nb3 19. e4 Nxd4 20. Bxd4 Bxd4 21. Rxd4
Re7 22. Rc1 b5 23. Rd3 Qd7 24. Rc3 Rc8 25. h4 g6 26. Kh2 f5 27. f3 fxe4 28. Bh3
Qe8 29. Bxc8 exf3 30. Be6+ Kh8 31. Rxc7 Rxc7 32. Qxc7 Bxd5 33. Qc3# 1-0

[Event "SR 1. liga zapad 2013/2014"]
[Site "?"]
[Date "2013.10.12"]
[Round "5.1"]
[White "Zatko, Gregor"]
[Black "Smolen, Jan"]
[Result "0-1"]
[WhiteElo "2188"]
[BlackElo "2384"]
[PlyCount "214"]
[EventDate "2013.??.??"]
[WhiteTeam "SK Levice"]
[BlackTeam "SK Strelec Devinska Nova Ves"]

1. d4 Nf6 2. Nf3 c5 3. e3 e6 4. b3 cxd4 5. exd4 Be7 6. Bd3 b6 7. O-O O-O 8. Bb2
Ba6 9. c4 Nc6 10. Nbd2 Rc8 11. Re1 d5 12. Rc1 Na5 13. Ne5 dxc4 14. bxc4 Nd7 15.
Nxd7 Qxd7 16. Qg4 f5 17. Qe2 Bg5 18. Red1 Rfe8 19. Rc2 Nc6 20. Nf3 Bf6 21. a3
Bxd4 22. Nxd4 Nxd4 23. Bxd4 Qxd4 24. Bxf5 Qf6 25. Be4 Red8 26. h3 Rxd1+ 27.
Qxd1 Bxc4 28. Bxh7+ Kxh7 29. Rxc4 Rxc4 30. Qd3+ Kh8 31. Qxc4 Qa1+ 32. Kh2 Qxa3
33. Qxe6 Qc5 34. Qe8+ Kh7 35. Qe4+ Kg8 36. Qa8+ Qf8 37. Qxa7 Qxf2 38. Qa8+ Kf7
39. Qd5+ Kg6 40. Qe4+ Qf5 41. Qc6+ Qf6 42. Qe4+ Kf7 43. Qd5+ Qe6 44. Qf3+ Kg8
45. Qa8+ Kh7 46. Qb8 Qc6 47. Qe5 b5 48. Qh5+ Kg8 49. Qe5 Kf7 50. Qf5+ Ke7 51.
Qg5+ Kf7 52. Qf5+ Ke8 53. Qh5+ g6 54. Qh8+ Kd7 55. Qg7+ Kc8 56. Qd4 Kc7 57.
Qg7+ Qd7 58. Qc3+ Kb7 59. Qf6 Qc6 60. Qd4 Qe6 61. Kg3 Kc6 62. Qc3+ Kb6 63. h4
Qd6+ 64. Kf3 b4 65. Qc4 Ka5 66. Qa2+ Kb5 67. Qe2+ Kb6 68. Qc4 Qd1+ 69. Ke3 Ka5
70. Qa2+ Kb5 71. Qd2 Qg1+ 72. Kd3 Qc5 73. Qb2 Qd5+ 74. Ke3 b3 75. Qc3 Qd1 76.
Qd2 Qg4 77. Qd3+ Kb4 78. Qd6+ Kc3 79. Qd2+ Kc4 80. Qd3+ Kc5 81. Qc3+ Kd6 82.
Qd2+ Ke7 83. Kd3 Qxh4 84. Qe3+ Kf6 85. Kc3 Qg4 86. Qf2+ Qf5 87. Qb6+ Kg5 88.
Qxb3 Qf6+ 89. Kd3 Qf1+ 90. Ke3 Qxg2 91. Qb5+ Kh4 92. Qc4+ Qg4 93. Qf7 g5 94.
Qh7+ Qh5 95. Qe7 Kh3 96. Qe4 Qd1 97. Qf5+ g4 98. Qh5+ Kg2 99. Qb5 Qf3+ 100. Kd4
g3 101. Qg5 Kg1 102. Qc1+ Qf1 103. Qg5 g2 104. Ke4 Qe2+ 105. Kd5 Kf1 106. Qc1+
Kf2 107. Qf4+ Ke1 0-1

[Event "SR 1. liga zapad 2013/2014"]
[Site "?"]
[Date "2013.10.12"]
[Round "5.2"]
[White "Peitl, Tomas"]
[Black "Kalisky, Vladimir"]
[Result "0-1"]
[WhiteElo "2207"]
[BlackElo "2186"]
[PlyCount "70"]
[EventDate "2013.??.??"]
[WhiteTeam "SK Strelec Devinska Nova Ves"]
[BlackTeam "SK Levice"]

1. e4 c5 2. Nc3 Nc6 3. f4 e6 4. Nf3 a6 5. d3 d5 6. Be2 Nf6 7. O-O b5 8. e5 Nd7
9. Qe1 g6 10. Qg3 Nd4 11. Nxd4 cxd4 12. Nb1 Nb8 13. Nd2 Nc6 14. Nf3 Bd7 15. Bd2
Bc5 16. Qh3 Ne7 17. b4 Bb6 18. g4 Qc7 19. Rfc1 O-O-O 20. Qg3 h5 21. h3 hxg4 22.
hxg4 Kb8 23. Kg2 Rc8 24. c3 dxc3 25. Rxc3 Qa7 26. Rac1 Rxc3 27. Rxc3 Be3 28.
Rc2 d4 29. Bxe3 dxe3 30. Ng5 Bc6+ 31. Bf3 Bxf3+ 32. Qxf3 Nd5 33. a3 Qd4 34. Qe4
Qa1 35. Nh3 Qd1 0-1

[Event "SR 1. liga zapad 2013/2014"]
[Site "?"]
[Date "2013.10.12"]
[Round "5.3"]
[White "Hudoba, Ondrej"]
[Black "Sosovicka, Juraj"]
[Result "1/2-1/2"]
[WhiteElo "2155"]
[BlackElo "2188"]
[PlyCount "130"]
[EventDate "2013.??.??"]
[WhiteTeam "SK Levice"]
[BlackTeam "SK Strelec Devinska Nova Ves"]

1. e4 e5 2. Nf3 Nc6 3. Bb5 f5 4. d3 fxe4 5. dxe4 Nf6 6. Nc3 Bb4 7. Bg5 Bxc3+ 8.
bxc3 O-O 9. Qd3 Qe8 10. O-O-O d6 11. Bxf6 Rxf6 12. Ng5 h6 13. Bc4+ Kh8 14. h4
Na5 15. Rd2 Nxc4 16. Qxc4 c6 17. f3 b5 18. Qb3 a5 19. c4 a4 20. Qb4 c5 21. Qxb5
Ba6 22. Qxe8+ Rxe8 23. Rxd6 Kg8 24. Rxf6 gxf6 25. Nh3 a3 26. Kd2 Rb8 27. Kc3
Rb4 28. Nf2 Bxc4 29. Ra1 Kf7 30. Nd3 Bxd3 31. Kxd3 Rb2 32. Kc3 Ke6 33. g4 Ke7
34. h5 Ke6 35. Rc1 Kd6 36. Kc4 Kc6 37. Kc3 Kb5 38. Rd1 Kc6 39. Rd8 Rxa2 40. Rf8
Ra1 41. Rxf6+ Kb5 42. Rf8 c4 43. Rb8+ Kc5 44. Ra8 Rf1 45. Ra5+ Kb6 46. Rxa3
Rxf3+ 47. Kb4 Rf4 48. Re3 Rxg4 49. Kxc4 Kc6 50. Kd3 Rh4 51. Rf3 Rxh5 52. Kc4
Rh2 53. Rf6+ Kd7 54. c3 Rh3 55. Kd5 Rxc3 56. Rxh6 Ra3 57. Rh7+ Ke8 58. Kxe5 Ra6
59. Kf5 Rb6 60. e5 Ra6 61. Rb7 Rc6 62. Ke4 Ra6 63. Kd5 Rh6 64. Ra7 Rg6 65. e6
Rg1 1/2-1/2

[Event "SR 1. liga zapad 2013/2014"]
[Site "?"]
[Date "2013.10.12"]
[Round "5.4"]
[White "Duben, Igor"]
[Black "Chlpik, Martin"]
[Result "1-0"]
[WhiteElo "2179"]
[BlackElo "2077"]
[PlyCount "81"]
[EventDate "2013.??.??"]
[WhiteTeam "SK Strelec Devinska Nova Ves"]
[BlackTeam "SK Levice"]

1. d4 Nf6 2. Nf3 c5 3. c4 cxd4 4. Nxd4 e5 5. Nb5 d5 6. cxd5 Bc5 7. e3 O-O 8.
Bc4 Bf5 9. O-O Nbd7 10. N5c3 e4 11. Qb3 Ne5 12. Nd2 Qd6 13. Rd1 Rad8 14. Nf1 a6
15. a4 Bb4 16. Bd2 Ba5 17. Nxe4 Bxe4 18. Bxa5 Rc8 19. Bb4 Qd7 20. Bxf8 Qg4 21.
Ng3 Nf3+ 22. gxf3 Qxf3 23. Nxe4 Nxe4 24. Bf1 Qxf2+ 25. Kh1 Rc2 26. Qxc2 Qxc2
27. Rdc1 Nf2+ 28. Kg1 Qf5 29. Bd6 h5 30. Bg3 Ne4 31. Bg2 Qxd5 32. Rc8+ Kh7 33.
Re8 f5 34. Re5 Qd3 35. Bxe4 fxe4 36. Bf4 Qe2 37. Rg5 g6 38. Rc1 Qf3 39. Rc7+
Kg8 40. Rxg6+ Kf8 41. Bh6+ 1-0

[Event "SR 1. liga zapad 2013/2014"]
[Site "?"]
[Date "2013.10.12"]
[Round "5.5"]
[White "Berek, Geza"]
[Black "Kolesar, Milan"]
[Result "1-0"]
[WhiteElo "2134"]
[BlackElo "2161"]
[PlyCount "71"]
[EventDate "2013.??.??"]
[WhiteTeam "SK Levice"]
[BlackTeam "SK Strelec Devinska Nova Ves"]

1. e4 c5 2. Nf3 d6 3. d4 cxd4 4. Nxd4 Nf6 5. Nc3 Nc6 6. f3 e5 7. Nb3 Be7 8. Be3
Be6 9. Qe2 O-O 10. O-O-O a5 11. Nc5 Bc8 12. N5a4 Be6 13. Nc5 Bc8 14. Kb1 Nb4
15. a3 Na6 16. N5a4 Be6 17. Nb6 Rb8 18. Qb5 Qc7 19. Qxa5 Nc5 20. Qb5 g6 21. Be2
Kg7 22. Rd2 Bd8 23. Ncd5 Nxd5 24. Nxd5 Bxd5 25. Rxd5 Ne6 26. Rhd1 Be7 27. g3
Rbc8 28. c3 f5 29. exf5 gxf5 30. f4 Qb8 31. Qd7 Kf6 32. fxe5+ dxe5 33. Qa4 Rfd8
34. Qh4+ Kf7 35. Qxh7+ Ng7 36. Bh5+ 1-0

[Event "SR 1. liga zapad 2013/2014"]
[Site "?"]
[Date "2013.10.12"]
[Round "5.6"]
[White "Sosovicka, Matej"]
[Black "Bencik, Pavol"]
[Result "1-0"]
[WhiteElo "2098"]
[BlackElo "2023"]
[PlyCount "101"]
[EventDate "2013.??.??"]
[WhiteTeam "SK Strelec Devinska Nova Ves"]
[BlackTeam "SK Levice"]

1. e4 e5 2. Nf3 Nc6 3. Bb5 a6 4. Ba4 b5 5. Bb3 Nf6 6. O-O Be7 7. Re1 d6 8. c3
Na5 9. Bc2 c5 10. h3 Bb7 11. d4 cxd4 12. cxd4 Qc7 13. d5 Rc8 14. Bd3 O-O 15. a4
Nxe4 16. axb5 Nc5 17. bxa6 Nxa6 18. Bxa6 Bxa6 19. Bd2 Nc4 20. Rxa6 Nxb2 21. Qe2
Qb7 22. Be3 e4 23. Rb6 Qxd5 24. Rxb2 exf3 25. Qxf3 Qxf3 26. gxf3 Bf6 27. Rb6 d5
28. Rd6 Rfd8 29. Rxd8+ Rxd8 30. Rd1 d4 31. Bf4 Rd5 32. Kg2 g5 33. Bc1 d3 34.
Nd2 Be7 35. Nc4 Bb4 36. Bd2 Rd4 37. Bxb4 Rxc4 38. Bd2 f6 39. Be3 Rc3 40. Bd4
Ra3 41. Bxf6 h6 42. Bd4 Kf7 43. Be3 Ke6 44. f4 gxf4 45. Bxf4 h5 46. Rd2 Kf5 47.
Kf3 Rb3 48. Ke3 Rb4 49. Bg3 h4 50. Bh2 Rb1 51. f3 1-0

[Event "SR 1. liga zapad 2013/2014"]
[Site "?"]
[Date "2013.10.12"]
[Round "5.7"]
[White "Svonavec, Stefan"]
[Black "Oprea, Erik"]
[Result "0-1"]
[WhiteElo "2020"]
[BlackElo "2130"]
[PlyCount "168"]
[EventDate "2013.??.??"]
[WhiteTeam "SK Levice"]
[BlackTeam "SK Strelec Devinska Nova Ves"]

1. d4 d6 2. Nf3 c6 3. e4 Nd7 4. Bd3 e5 5. c3 Be7 6. O-O Ngf6 7. Bg5 Qc7 8. Nbd2
Nf8 9. h3 Ng6 10. Re1 Be6 11. a4 Rd8 12. Qc2 Nh5 13. b4 h6 14. Be3 Nhf4 15. Bf1
Bf6 16. Rac1 Qe7 17. b5 c5 18. d5 Bc8 19. a5 O-O 20. Kh2 Qd7 21. Ng1 Ne7 22. g3
Nfg6 23. Be2 Kh7 24. Rb1 Qc7 25. b6 Qb8 26. bxa7 Qxa7 27. Nc4 Ng8 28. Rb6 Be7
29. Bg4 Bxg4 30. hxg4 Nf6 31. f3 Nd7 32. Rb5 Nf6 33. Reb1 Rd7 34. Kg2 Rb8 35.
Nh3 Ne8 36. Qa4 Rdd8 37. Qb3 Rd7 38. f4 exf4 39. gxf4 Nf6 40. Kf3 Nh4+ 41. Ke2
Nxg4 42. e5 Nxe3 43. Nxe3 dxe5 44. fxe5 Qa6 45. c4 Qg6 46. Nf4 Qg3 47. Qd3+ Kg8
48. Qe4 Bg5 49. Rf1 Re8 50. Rxc5 f5 51. Qd4 Bxf4 52. Qxf4 Qxf4 53. Rxf4 g5 54.
e6 Rg7 55. Rf1 f4 56. Ng4 Rg6 57. Rc7 h5 58. Nh2 Nf5 59. Kd3 Ra8 60. Rxb7 Rxa5
61. e7 Kf7 62. Re1 Ra3+ 63. Kd2 Re3 64. c5 Rxe1 65. Kxe1 g4 66. d6 Re6+ 67. Kf1
Ng3+ 68. Kg1 Re1+ 69. Kf2 Re2+ 70. Kg1 f3 71. e8=Q+ Kxe8 72. Re7+ Kd8 73. Rxe2
Nxe2+ 74. Kf1 Kd7 75. Ke1 Kc6 76. Kf1 Nd4 77. Kf2 Kd7 78. Ke3 Ne6 79. Nf1 Nxc5
80. Ng3 h4 81. Nf5 h3 82. Ng3 h2 83. Nh1 Kxd6 84. Kf4 Nd3+ 0-1

[Event "SR 1. liga zapad 2013/2014"]
[Site "?"]
[Date "2013.10.12"]
[Round "5.8"]
[White "Prikler, Bruno"]
[Black "Nikel, Rastislav"]
[Result "0-1"]
[WhiteElo "2090"]
[BlackElo "2018"]
[PlyCount "80"]
[EventDate "2013.??.??"]
[WhiteTeam "SK Strelec Devinska Nova Ves"]
[BlackTeam "SK Levice"]

1. c4 e5 2. Nc3 f5 3. g3 Nf6 4. Bg2 g6 5. e3 Nc6 6. Nge2 Bg7 7. O-O O-O 8. d4
e4 9. a3 d5 10. cxd5 Nxd5 11. Qb3 Nce7 12. f3 Be6 13. Qxb7 Nb6 14. Qa6 Bc4 15.
Qa5 Nc6 16. Qc5 Rf6 17. d5 Bf8 18. Qxc6 Rxc6 19. dxc6 Bxe2 20. Nxe2 Qd3 21. Nc3
Bc5 22. Rd1 Qc2 23. Bd2 Qxb2 24. Ra2 Qb3 25. Rb1 Bxe3+ 26. Bxe3 Qxc3 27. Kf2
Nc4 28. Re1 Ne5 29. Rd1 exf3 30. Bxf3 Nxf3 31. Kxf3 Re8 32. Re2 Qxa3 33. Kf2
Qa4 34. Rd7 Qxc6 35. Red2 Qe4 36. Bh6 Qe1+ 37. Kf3 Qf1+ 38. Rf2 Qh3 39. Bf4 g5
40. Bxc7 g4+ 0-1

[Event "SR 1. liga zapad 2013/2014"]
[Site "?"]
[Date "2013.10.12"]
[Round "6.1"]
[White "Bagi, Mate"]
[Black "Petrik, Tomas"]
[Result "0-1"]
[WhiteElo "2368"]
[BlackElo "2519"]
[PlyCount "112"]
[EventDate "2013.??.??"]
[WhiteTeam "KSC Komarno"]
[BlackTeam "SK Modra"]

1. e4 e6 2. d4 d5 3. Nc3 Bb4 4. e5 Ne7 5. a3 Bxc3+ 6. bxc3 c5 7. Qg4 O-O 8. Bd3
Nbc6 9. Qh5 Ng6 10. Nf3 Qc7 11. Be3 Nce7 12. h4 Bd7 13. Qg4 f5 14. Qh3 cxd4 15.
cxd4 Bb5 16. Bxb5 Qa5+ 17. Bd2 Qxb5 18. h5 Nh8 19. h6 g6 20. Bb4 Rfe8 21. Qh4
Qd7 22. Qf6 Nc6 23. Ng5 Nxb4 24. axb4 Qe7 25. Qg7+ Qxg7 26. hxg7 Nf7 27. Nxh7
Kxg7 28. Nf6 Red8 29. f4 g5 30. Rh7+ Kg6 31. fxg5 a6 32. Kd2 Rh8 33. Rah1 Rxh7
34. Rxh7 b6 35. Rh3 Nxg5 36. Ra3 a5 37. Nd7 Rh8 38. bxa5 bxa5 39. g3 Rh3 40.
Nc5 f4 41. gxf4 Rxa3 42. fxg5 Kf5 43. Kc1 Rg3 44. Kb2 Rxg5 45. Nb7 Rg8 46. Nxa5
Ke4 47. Nb3 Rb8 48. Kc3 Ke3 49. Nc5 Rc8 50. Kb4 Kxd4 51. Nxe6+ Kxe5 52. Nc5 Kd6
53. Nb7+ Kc6 54. Na5+ Kb6 55. c3 Rc5 56. Nb3 Rc4+ 0-1

[Event "SR 1. liga zapad 2013/2014"]
[Site "?"]
[Date "2013.10.12"]
[Round "6.2"]
[White "Cernousek, Lukas"]
[Black "Janko, Zoltan"]
[Result "1-0"]
[WhiteElo "2455"]
[BlackElo "2269"]
[PlyCount "43"]
[EventDate "2013.??.??"]
[WhiteTeam "KSC Komarno"]
[BlackTeam "SK Modra"]

1. d4 Nf6 2. c4 c5 3. d5 e5 4. Nc3 d6 5. e4 g6 6. Bd3 Bg7 7. Nge2 O-O 8. f3 Nh5
9. Be3 f5 10. exf5 gxf5 11. Qd2 Qh4+ 12. g3 Qf6 13. O-O-O Na6 14. Bg5 Qf7 15.
Nb5 Qg6 16. g4 Nb4 17. Bb1 Nf4 18. h4 Nxe2+ 19. Qxe2 Bf6 20. Bd2 e4 21. gxf5
Nd3+ 22. Qxd3 1-0

[Event "SR 1. liga zapad 2013/2014"]
[Site "?"]
[Date "2013.10.12"]
[Round "6.3"]
[White "Kukel, Imre 1985"]
[Black "Federic, Jozef"]
[Result "1/2-1/2"]
[WhiteElo "2249"]
[BlackElo "2269"]
[PlyCount "66"]
[EventDate "2013.??.??"]
[WhiteTeam "SK Modra"]
[BlackTeam "KSC Komarno"]

1. e4 c5 2. Nf3 e6 3. d4 cxd4 4. Nxd4 Nf6 5. Nc3 Nc6 6. Ndb5 Bb4 7. a3 Bxc3+ 8.
Nxc3 d5 9. exd5 exd5 10. Bd3 O-O 11. O-O d4 12. Ne2 Bg4 13. b4 Qb6 14. Bb2 Rad8
15. b5 Ne5 16. a4 Rfe8 17. f3 Nxd3 18. Qxd3 Bf5 19. Qxf5 Rxe2 20. a5 Qc7 21.
Rfd1 Rd5 22. Qd3 Rxc2 23. b6 Qc8 24. Bxd4 a6 25. Qb3 Rb5 26. Qe3 Nd5 27. Qe4 f6
28. Bf2 Qc6 29. Bg3 Rc4 30. Qd3 Rc3 31. Qd4 Rc4 32. Qd3 Rc3 33. Qd4 Rc4 1/2-1/2

[Event "SR 1. liga zapad 2013/2014"]
[Site "?"]
[Date "2013.10.12"]
[Round "6.4"]
[White "Klemanic, Emil"]
[Black "Szegi, Tamas"]
[Result "0-1"]
[WhiteElo "2249"]
[BlackElo "2233"]
[PlyCount "82"]
[EventDate "2013.??.??"]
[WhiteTeam "SK Modra"]
[BlackTeam "KSC Komarno"]

1. e4 c5 2. Nc3 Nc6 3. g3 g6 4. Bg2 Bg7 5. d3 e6 6. Be3 d6 7. f4 Nge7 8. Nf3
O-O 9. O-O Nd4 10. Bf2 Nec6 11. Nxd4 Nxd4 12. Rb1 Rb8 13. Ne2 Nxe2+ 14. Qxe2
Qa5 15. a3 Bd7 16. e5 dxe5 17. b4 cxb4 18. axb4 Qc7 19. Bxa7 Rbc8 20. Bc5 Rfd8
21. fxe5 b6 22. Be7 Re8 23. Bd6 Qxc2 24. Qf3 Bb5 25. Qxf7+ Kh8 26. Be4 Bxd3 27.
Bxd3 Qxd3 28. Rbe1 Qd4+ 29. Rf2 Rf8 30. Bxf8 Rxf8 31. Qxf8+ Bxf8 32. Rc1 Bxb4
33. Rc8+ Kg7 34. Rc7+ Kh6 35. Kg2 Qxe5 36. Rff7 Qe4+ 37. Kh3 Kg5 38. Rf4 Qe2
39. Rxh7 Bd6 40. Rff7 Be5 41. Rf8 Bf6 0-1

[Event "SR 1. liga zapad 2013/2014"]
[Site "?"]
[Date "2013.10.12"]
[Round "6.5"]
[White "Edes, Zsofia"]
[Black "Banas, Kamil"]
[Result "0-1"]
[WhiteElo "2008"]
[BlackElo "2221"]
[PlyCount "52"]
[EventDate "2013.??.??"]
[WhiteTeam "KSC Komarno"]
[BlackTeam "SK Modra"]

1. d4 d5 2. c4 e6 3. Nc3 c6 4. e4 Bb4 5. e5 Ne7 6. a3 Bxc3+ 7. bxc3 Nd7 8. Qg4
Nf5 9. Bd3 h5 10. Qf3 dxc4 11. Bxc4 Nb6 12. Bd3 Qc7 13. Ne2 Bd7 14. O-O Qd8 15.
Ng3 Nh4 16. Qe2 Qe7 17. Nxh5 O-O-O 18. Qg4 Nf5 19. Bg5 f6 20. exf6 Qf7 21. fxg7
Nxg7 22. Bxd8 Nxh5 23. Bg6 Qf8 24. Bxb6 Nf4 25. Bc5 Qh6 26. Qg3 Ne2+ 0-1

[Event "SR 1. liga zapad 2013/2014"]
[Site "?"]
[Date "2013.10.12"]
[Round "6.6"]
[White "Kleman, Miroslav"]
[Black "Baranek, Jozef"]
[Result "1/2-1/2"]
[WhiteElo "2188"]
[BlackElo "2152"]
[PlyCount "65"]
[EventDate "2013.??.??"]
[WhiteTeam "SK Modra"]
[BlackTeam "KSC Komarno"]

1. b3 d5 2. Bb2 Bf5 3. g3 Nf6 4. Bg2 c5 5. c4 e6 6. cxd5 exd5 7. Bxf6 gxf6 8.
Nc3 Be6 9. e3 h5 10. h4 Nc6 11. Nge2 d4 12. exd4 cxd4 13. Nb5 Bg4 14. Bxc6+
bxc6 15. Nbxd4 Bc5 16. f3 Bxd4 17. fxg4 Bxa1 18. Qxa1 hxg4 19. Qc3 O-O 20. O-O
Re8 21. Nf4 Re5 22. d4 Rf5 23. Rd1 Qd6 24. Qe3 Kg7 25. Qe4 Rxf4 26. Qxf4 Qxf4
27. gxf4 Rh8 28. Rc1 Rxh4 29. Kg2 Rh3 30. Rxc6 Rf3 31. Rc4 f5 32. d5 Rd3 33.
Ra4 1/2-1/2

[Event "SR 1. liga zapad 2013/2014"]
[Site "?"]
[Date "2013.10.12"]
[Round "6.7"]
[White "Pallag, Gergely"]
[Black "Federic, Pavol"]
[Result "0-1"]
[WhiteElo "2075"]
[BlackElo "2172"]
[PlyCount "66"]
[EventDate "2013.??.??"]
[WhiteTeam "KSC Komarno"]
[BlackTeam "SK Modra"]

1. d4 d5 2. c4 c6 3. Nf3 Nf6 4. Nc3 g6 5. Bg5 Bg7 6. e3 O-O 7. Bxf6 Bxf6 8. Qb3
dxc4 9. Bxc4 b5 10. Be2 Be6 11. Qc2 Na6 12. O-O Nb4 13. Qd2 a5 14. a3 Na6 15.
Rac1 Qb6 16. Ne4 Bg7 17. Nc5 Nxc5 18. Rxc5 Rfd8 19. Rfc1 Bd5 20. Qc2 f5 21. Bd3
Rd6 22. Ne5 Bxe5 23. dxe5 Rd7 24. h4 Kg7 25. e4 Bc4 26. Rxc4 bxc4 27. Bxc4 fxe4
28. Be6 Rd3 29. b3 Rad8 30. Qxc6 Rd1+ 31. Kh2 Qxf2 32. Rc3 Qf4+ 33. Rg3 R8d3
0-1